Nervous conditions : a novel (Record no. 32886)

MARC details
000 -LEADER
fixed length control field 00525nam a2200181Ia 4500
020 ## - INTERNATIONAL STANDARD BOOK NUMBER
ISBN 9780954702335
050 ## - CALL MARK
Classification number PR 9390.9 .D36 .N47/
100 ## - STATEMENT OF RESPONSIBILITY--MAIN AUTHOR NAME
Personal name Dangarembga, Tsitsi
245 #0 - TITLE STATEMENT
Title Nervous conditions : a novel
260 ## - PUBLICATION, DISTRIBUTION, ETC. (IMPRINT)
Place of publication UK
260 ## - PUBLICATION, DISTRIBUTION, ETC. (IMPRINT)
Name of publisher Ayebia Clarke pub
260 ## - PUBLICATION, DISTRIBUTION, ETC. (IMPRINT)
Year of publication 2004
300 ## - PHYSICAL DESCRIPTION
Number of Pages 211 p
650 ## - SUBJECT ADDED ENTRY--TOPICAL TERM
Topical Term Women--Zimbabwe--Fiction. Girls--Africa--Fiction. Zimbabwe--Fiction. Zimbabwe--Colonial influence--Fiction.
942 ## - ADDED ENTRY ELEMENTS (KOHA)
Koha item type Books
Holdings
Withdrawn status Lost status Source of classification or shelving scheme Damaged status Not for loan Permanent Location Current Location Date acquired Accession Number Price effective from Koha item type
    Library of Congress Classification     NILE UNIVERSITY OF NIGERIA - MAIN LIBRARY NILE UNIVERSITY OF NIGERIA - MAIN LIBRARY 04/23/2025 0004694 04/23/2025 Books